<?xml version="1.0" encoding="UTF-8"?><?xml-stylesheet type="text/xsl" href="static/style.xsl"?><OAI-PMH xmlns="http://www.openarchives.org/OAI/2.0/" xmlns:xsi="http://www.w3.org/2001/XMLSchema-instance" xsi:schemaLocation="http://www.openarchives.org/OAI/2.0/ http://www.openarchives.org/OAI/2.0/OAI-PMH.xsd"><responseDate>2026-04-14T02:56:03Z</responseDate><request verb="GetRecord" identifier="oai:www.recercat.cat:2117/395969" metadataPrefix="marc">https://recercat.cat/oai/request</request><GetRecord><record><header><identifier>oai:recercat.cat:2117/395969</identifier><datestamp>2026-03-31T11:25:30Z</datestamp><setSpec>com_2072_1033</setSpec><setSpec>col_2072_452950</setSpec></header><metadata><record xmlns="http://www.loc.gov/MARC21/slim" xmlns:dcterms="http://purl.org/dc/terms/" xmlns:xsi="http://www.w3.org/2001/XMLSchema-instance" xmlns:doc="http://www.lyncode.com/xoai" xsi:schemaLocation="http://www.loc.gov/MARC21/slim http://www.loc.gov/standards/marcxml/schema/MARC21slim.xsd">
   <leader>00925njm 22002777a 4500</leader>
   <datafield ind2=" " ind1=" " tag="042">
      <subfield code="a">dc</subfield>
   </datafield>
   <datafield ind2=" " ind1=" " tag="720">
      <subfield code="a">Codina Torras, Eloi</subfield>
      <subfield code="e">author</subfield>
   </datafield>
   <datafield ind2=" " ind1=" " tag="720">
      <subfield code="a">Domenech Léga, Bruno</subfield>
      <subfield code="e">author</subfield>
   </datafield>
   <datafield ind2=" " ind1=" " tag="720">
      <subfield code="a">Juanpera Gallel, Marc</subfield>
      <subfield code="e">author</subfield>
   </datafield>
   <datafield ind2=" " ind1=" " tag="720">
      <subfield code="a">Palomo Avellaneda, Leopold</subfield>
      <subfield code="e">author</subfield>
   </datafield>
   <datafield ind2=" " ind1=" " tag="720">
      <subfield code="a">Pastor Moreno, Rafael</subfield>
      <subfield code="e">author</subfield>
   </datafield>
   <datafield ind2=" " ind1=" " tag="260">
      <subfield code="c">2023-12</subfield>
   </datafield>
   <datafield ind2=" " ind1=" " tag="520">
      <subfield code="a">Grid-connected photovoltaic (PV) facilities are more attractive than ever due to the electricity price surges and the reduction of solar energy generation costs. This paper develops a solving procedure including a simulation model to analyze the techno-economic performance of PV-battery facilities, taking into account the latest Spanish regulatory framework. The procedure finds the best facilities for multiple objectives, maximum profitability and maximum self-sufficiency, in different locations, load profiles and economic scenarios. The results indicate that PV modules are profitable without subsidies, with installations between 1 and 6 kWp. Meanwhile, batteries are only convenient when seeking maximum independence from the grid, with capacities up to 9 kWh. The findings suggest that the economic feasibility of facilities is influenced by the location and compensation rate surplus electricity, while the facility is mainly determined by the load profile. A sensitivity analysis shows that a variation in grid tariffs and technology prices has a limited impact on the facility's size but modifies the system's profitability. Finally, an analysis of the latest unprecedented grid price surges indicates that self-consumption facilities help become a more resilient society against unexpected events. Therefore, policymakers should keep promoting the adoption of these technologies and keep the current advantageous regulations.</subfield>
   </datafield>
   <datafield ind2=" " ind1=" " tag="520">
      <subfield code="a">Peer Reviewed</subfield>
   </datafield>
   <datafield ind2=" " ind1=" " tag="520">
      <subfield code="a">Postprint (published version)</subfield>
   </datafield>
   <datafield tag="653" ind2=" " ind1=" ">
      <subfield code="a">Àrees temàtiques de la UPC::Energies::Energia solar fotovoltaica</subfield>
   </datafield>
   <datafield tag="653" ind2=" " ind1=" ">
      <subfield code="a">Photovoltaic power systems</subfield>
   </datafield>
   <datafield tag="653" ind2=" " ind1=" ">
      <subfield code="a">Self-consumption</subfield>
   </datafield>
   <datafield tag="653" ind2=" " ind1=" ">
      <subfield code="a">Techno-economic analysis</subfield>
   </datafield>
   <datafield tag="653" ind2=" " ind1=" ">
      <subfield code="a">Residential solar facilities</subfield>
   </datafield>
   <datafield tag="653" ind2=" " ind1=" ">
      <subfield code="a">BatteriesSpain</subfield>
   </datafield>
   <datafield tag="653" ind2=" " ind1=" ">
      <subfield code="a">Instal·lacions fotovoltaiques</subfield>
   </datafield>
   <datafield ind2="0" ind1="0" tag="245">
      <subfield code="a">Is switching to solar energy a feasible investment? A techno-economic analysis of domestic consumers in Spain</subfield>
   </datafield>
</record></metadata></record></GetRecord></OAI-PMH>